00517 2200169 4500001002100000008004100021035002000062245008300082100002400165260003600189300001100225020001800236084001600254082000800270650005100278990001800329INLIS000000000000486 ind  a0010-0724000486 a100 Ide Efektif Untuk Menerapkan Disiplin Pada Anak DidikcSharon R. Berri Phd aSharon R. Berri Phd aYogyakartabGloria graffac2004 a48 hlm a971-717-155-6 a371.5 SHA s a371 aInstitusi Pendidikan, Sekolah dan Aktifitasnya aP29/CP/24/486